| 000 | 00848nam a22002417a 4500 | ||
|---|---|---|---|
| 999 |
_c18247 _d18247 |
||
| 003 | AR-CdUCM | ||
| 008 | 190513b ||||| |||| 00| 0 spa d | ||
| 040 |
_aMUNICIPALIDAD PROVINCIAL DEL CUSCO _cBIBLIOTECA MUNICIPAL DEL CUSCO |
||
| 082 |
_a320.011 / _bB16 |
||
| 100 |
_aBakunin, Miguel _938720 |
||
| 245 | _aLa libertad / | ||
| 260 |
_aMéxico, D.F. : _bGrijalbo, _c1972. |
||
| 300 |
_a172 páginas ; _c19 cm. |
||
| 440 |
_aColección 70 ; _n3 _91590 |
||
| 505 | _aContenido: A la conquista de la libertad -- El gobierno de los hombres inteligentes y virtuosos -- Estado y libertad -- De Proudhon y Marx a la comuna... | ||
| 650 |
_aLibertad _92892 |
||
| 650 |
_aSocialismo _91037 |
||
| 650 |
_aEstado _9738 |
||
| 650 |
_aRevolución _9844 |
||
| 700 |
_aSoler, Santiago (traductor) _938721 |
||
| 942 |
_2ddc _cLIBROS |
||
| 945 |
_aacv _d2019-05-13 |
||